De los títulos-valores y de los valores en el contexto digital / (Registro nro. 8315)

Detalles MARC
000 -LEADER
fixed length control field 02291nam a2200277Ia 4500
003 - CONTROL NUMBER IDENTIFIER
control field OSt
005 - DATE AND TIME OF LATEST TRANSACTION
control field 20210812121631.0
008 - FIXED-LENGTH DATA ELEMENTS--GENERAL INFORMATION
fixed length control field 210310s2011 ck fr 001 0dspa d
020 ## - INTERNATIONAL STANDARD BOOK NUMBER
International Standard Book Number 9789583508165
040 ## - CATALOGING SOURCE
Original cataloging agency CO-JMCR
Transcribing agency CO-JMCR
041 0# - LANGUAGE CODE
Language code of text/sound track or separate title spa
082 04 - DEWEY DECIMAL CLASSIFICATION NUMBER
Classification number 332.632 /
Item number R389d
Edition number 23
100 1# - MAIN ENTRY--PERSONAL NAME
Personal name Remolina Angarita, Nelson,
9 (RLIN) 16921
Relator term autor
245 10 - TITLE STATEMENT
Title De los títulos-valores y de los valores en el contexto digital /
Statement of responsibility, etc. Nelson Remolina Angarita, Lisandro Peña Nossa
260 ## - PUBLICATION, DISTRIBUTION, ETC.
Place of publication, distribution, etc. Bogotá :
Name of publisher, distributor, etc. Universidad de los Andes : Editorial Temis,
Date of publication, distribution, etc. 2011
300 ## - PHYSICAL DESCRIPTION
Extent xxiii, 383 páginas ;
Dimensions 23 cm.
500 ## - GENERAL NOTE
General note Incluye índice de materias, datos biográficos de los autores y notas a pie de página.
504 ## - BIBLIOGRAPHY, ETC. NOTE
Bibliography, etc. note Bibliografía: páginas 359-368
505 0# - FORMATTED CONTENTS NOTE
Formatted contents note Importancia, armonización y sistemas cambiarios -- Anotaciones históricas sobre títulos valores -- Concepto y características de los títulos-valores -- Principios rectores de los títulos valores -- Elementos genéricos del título-valor -- Fuente de la obligación cambiaria -- Clasificación de los títulos valores -- El endoso -- El aval como garantía típica cambiaria -- Pago con títulos valores -- Valores y mercado de valores -- Desmaterialización e inmaterialización de los títulos valores y de los valores
520 3# - SUMMARY, ETC.
Summary, etc. El aporte más significativo de esta obra consiste en realizar un análisis de los temas cardinales de los títulos valores y de los valores desde el prisma de los medios electrónicos. Retoma la reformulación de la teoría clásica de los títulos valores y propone recomendaciones para la futura regulación sobre esta cuestión en el contexto digital.<br/>Es una obra completa, bien documentada y muy interesante por la actualidad que le imprime al tema". [...] "Va desde los antecedentes hasta las proyecciones futuras con las nuevas tendencias del derecho cambiario". "A pesar de lo mucho que se ha escrito sobre el tema, ésta es una de las más completas, mejor documentadas y de mayor actualización". Gustavo Cuberos Gómez. Profesor de títulos valores.
650 14 - SUBJECT ADDED ENTRY--TOPICAL TERM
Topical term or geographic name entry element Títulos valores
9 (RLIN) 16923
General subdivision Legislación
650 24 - SUBJECT ADDED ENTRY--TOPICAL TERM
Topical term or geographic name entry element Títulos valores
General subdivision Clasificación
9 (RLIN) 39338
650 24 - SUBJECT ADDED ENTRY--TOPICAL TERM
Topical term or geographic name entry element Derecho informático
9 (RLIN) 39339
700 1# - ADDED ENTRY--PERSONAL NAME
Personal name Peña Nossa, Lisandro,
Relator term autor
9 (RLIN) 22536
942 ## - ADDED ENTRY ELEMENTS (KOHA)
Source of classification or shelving scheme Dewey Decimal Classification
Koha item type Books
Existencias
Withdrawn status Lost status Source of classification or shelving scheme Damaged status Not for loan Collection code Home library Current library Date acquired Source of acquisition Full call number Barcode Date last seen Copy number Koha item type
    Dewey Decimal Classification     Non-fiction Biblioteca Pública José María del Castillo y Rada Biblioteca Pública José María del Castillo y Rada 04/15/2018 Donación 332.632 / R389d 430002888 05/16/2024 Ej.1 Books